| 000 | 005140000a22001930004500 | ||
|---|---|---|---|
| 001 | 001593 | ||
| 003 | MACL | ||
| 005 | 20150731150246.0 | ||
| 008 | 150731b xxu||||| |||| 00| 0 eng d | ||
| 040 |
_aMACL _cMACL |
||
| 041 | _aEnglish | ||
| 082 | _a355/DEY | ||
| 100 |
_aDey, Suresh _93773 |
||
| 245 |
_aBattle Of Jalalabad _bArmed Struggle In India's Freedoms Movement _cSuresh Dey |
||
| 260 |
_aNew Delhi _c2004 _bLand Marks Books, |
||
| 350 | _a250 | ||
| 650 |
_aMilitary Science _93774 |
||
| 942 |
_k355 _cBK _2ddc |
||
| 999 |
_c13513 _d13513 |
||